CUESTIONES SELECTAS DE PSICOLOGIA RACIONAL/

Guardat en:
Dades bibliogràfiques
Autor principal: Madoz, José (autor)
Format: Llibre
Matèries:
Etiquetes: Afegir etiqueta
Sense etiquetes, Sigues el primer a etiquetar aquest registre!

MARC

LEADER 00000nam^a2200000^a^4500
001 000218521
005 20250521000000.0
009 20260310103750.699
035 |a 013437 
037 |a Acervo Xavier Clavigero 
082 |a 150. 192  |b MAD 
100 |a Madoz, José  |e (autor) 
245 1 0 |a CUESTIONES SELECTAS DE PSICOLOGIA RACIONAL/  |c JOSE MADOZ, S.J 
264 |a BOGOTA, COLOMBIA :  |b CORAZON DE JESUS,  |c 1924 
300 |a 86p. 
336 |a texto  |b txt  |2 rdacontenido 
337 |a sin mediación  |b n  |2 rdamedio 
338 |a volumen  |b nc  |2 rdasoporte 
649 |a XX 
650 |a RAZONAMIENTO (PSICOLOGIA) 
650 |a PSICOLOGIA 
910 |a Fondo General 
920 |a Impresos - Libros 
930 |a Colección General 
905 |a 101 
901 |a 013437  |b IT1  |c ACC  |i 013437  |u 20250521 
902 |a https://opac.biblio.iteso.mx/vufind/Record/000218521